[Event "Open International Graz"]
[Date "2026.02.15"]
[White "Jirasek, Pavel"]
[Black "Mattenberger, Matthias"]
[WhiteElo "2392"]
[BlackElo "2302"]
[Round "3.3.13"]
[Result "1/2-1/2"]

c4 {[%clk 1:30:57]} Nf6 {[%clk 1:30:36]} g3 {[%clk 1:31:23]} c6 {[%clk 1:30:57]}
Bg2 {[%clk 1:31:37]} d5 {[%clk 1:31:18]} Nf3 {[%clk 1:31:44]} g6 {[%clk
1:31:39]} b3 {[%clk 1:31:35]} Bg7 {[%clk 1:31:52]} Bb2 {[%clk 1:32:00]} O-O
{[%clk 1:32:13]} O-O {[%clk 1:32:19]} Re8 {[%clk 1:32:38]} d4 {[%clk 1:32:07]}
Bf5 {[%clk 1:32:57]} Nc3 {[%clk 1:27:02]} Nbd7 {[%clk 1:33:18]} Rc1 {[%clk
1:26:44]} Rc8 {[%clk 1:27:31]} e3 {[%clk 1:19:05]} Ne4 {[%clk 1:19:38]} cxd5
{[%clk 1:16:53]} Nxc3 {[%clk 1:19:43]} Rxc3 {[%clk 1:15:09]} cxd5 {[%clk
1:20:05]} Rxc8 {[%clk 1:15:07]} Qxc8 {[%clk 1:20:31]} Qe2 {[%clk 1:15:28]} a6
{[%clk 1:10:23]} Rc1 {[%clk 1:08:08]} Qb8 {[%clk 1:04:57]} Nh4 {[%clk 1:06:11]}
Be6 {[%clk 1:05:08]} Qc2 {[%clk 1:06:21]} Nf6 {[%clk 0:57:29]} Qc7 {[%clk
1:05:23]} Bf8 {[%clk 0:57:13]} Nf3 {[%clk 1:00:38]} Qxc7 {[%clk 0:53:30]} Rxc7
{[%clk 1:01:03]} Rc8 {[%clk 0:53:53]} Rxc8 {[%clk 0:50:58]} Bxc8 {[%clk
0:54:18]} Nd2 {[%clk 0:50:14]} Bf5 {[%clk 0:53:08]} Ba3 {[%clk 0:50:34]} Bd3
{[%clk 0:51:25]} Bc5 {[%clk 0:50:00]} e6 {[%clk 0:51:24]} b4 {[%clk 0:47:28]} b6
{[%clk 0:48:29]} Bxf8 {[%clk 0:46:28]} Kxf8 {[%clk 0:48:54]} Bf1 {[%clk
0:38:28]} Bxf1 {[%clk 0:48:03]} Kxf1 {[%clk 0:38:53]} Ke7 {[%clk 0:48:08]} Ke2
{[%clk 0:39:18]} Ne8 {[%clk 0:48:02]} Nb1 {[%clk 0:34:20]} Nd6 {[%clk 0:47:46]}

[Variant "Standard"]
[Site "Europe Echecs"]

[Event "Open International Graz"]
[Date "2026.02.15"]
[White "Marn, Jan"]
[Black "Skrbec, Leon"]
[WhiteElo "2386"]
[BlackElo "2295"]
[Round "3.3.14"]
[Result "1/2-1/2"]

d4 {[%clk 1:29:06]} Nf6 {[%clk 1:29:49]} c4 {[%clk 1:29:21]} e6 {[%clk 1:30:14]}
Nf3 {[%clk 1:29:46]} b6 {[%clk 1:30:24]} g3 {[%clk 1:30:04]} Bb7 {[%clk
1:30:48]} Bg2 {[%clk 1:30:27]} Bb4+ {[%clk 1:31:08]} Bd2 {[%clk 1:30:00]} Bxd2+
{[%clk 1:30:32]} Nbxd2 {[%clk 1:29:39]} O-O {[%clk 1:30:11]} Qc2 {[%clk
1:26:30]} c5 {[%clk 1:29:40]} O-O {[%clk 1:20:42]} cxd4 {[%clk 1:24:18]} Nxd4
{[%clk 1:21:02]} Bxg2 {[%clk 1:24:43]} Kxg2 {[%clk 1:21:26]} d5 {[%clk 1:25:02]}
cxd5 {[%clk 1:17:06]} Qxd5+ {[%clk 1:25:16]} N2f3 {[%clk 1:17:30]} Nbd7 {[%clk
1:22:44]} Nc6 {[%clk 1:04:54]} Rfe8 {[%clk 1:16:04]} Rfd1 {[%clk 1:04:24]} Qh5
{[%clk 1:16:25]} b4 {[%clk 1:03:14]} Nd5 {[%clk 0:50:02]} Rac1 {[%clk 0:44:15]}
b5 {[%clk 0:47:23]} e4 {[%clk 0:39:02]} N5b6 {[%clk 0:45:28]} e5 {[%clk
0:33:04]} Nd5 {[%clk 0:43:41]} Qe4 {[%clk 0:32:04]} N7b6 {[%clk 0:43:31]} Na5
{[%clk 0:27:56]} Rac8 {[%clk 0:42:01]} Qd4 {[%clk 0:24:42]} Qg6 {[%clk 0:34:09]}
Nb7 {[%clk 0:13:47]} Qh6 {[%clk 0:29:22]} Rc5 {[%clk 0:11:25]} Nc4 {[%clk
0:24:38]} Nd6 {[%clk 0:08:56]} Nxd6 {[%clk 0:24:28]} exd6 {[%clk 0:09:21]} Rcd8
{[%clk 0:24:22]} Rc6 {[%clk 0:07:34]} Qg6 {[%clk 0:20:23]} Rdc1 {[%clk 0:04:12]}
f6 {[%clk 0:20:26]} a3 {[%clk 0:00:52]} Qf7 {[%clk 0:19:51]} Qc5 {[%clk
0:00:52]} Qg6 {[%clk 0:15:54]} Qd4 {[%clk 0:01:21]} Ne7 {[%clk 0:12:04]} Ra6
{[%clk 0:01:32]} Nf5 {[%clk 0:12:28]} Qd2 {[%clk 0:00:58]} Rd7 {[%clk 0:11:46]}
Rc7 {[%clk 0:00:41]} Red8 {[%clk 0:11:58]} Rxd7 {[%clk 0:00:41]} Rxd7 {[%clk
0:12:24]} Qe2 {[%clk 0:00:39]} Qf7 {[%clk 0:10:49]} Qxb5 {[%clk 0:01:07]} Nxd6
{[%clk 0:11:07]} Qc5 {[%clk 0:01:05]} Ne8 {[%clk 0:10:08]} Nd4 {[%clk 0:01:01]}
Rxd4 {[%clk 0:10:26]} Rxa7 {[%clk 0:01:16]} Rd7 {[%clk 0:10:51]} Ra8 {[%clk
0:01:30]} h6 {[%clk 0:10:17]} b5 {[%clk 0:01:54]} Kh7 {[%clk 0:10:24]} b6 {[%clk
0:01:30]} Nd6 {[%clk 0:09:55]} Qc6 {[%clk 0:14:20]} Nf5 {[%clk 0:21:08]} Rb8
{[%clk 0:12:27]} Rd2 {[%clk 0:17:55]} Qe4 {[%clk 0:09:39]} Rd4 {[%clk 0:17:06]}
Qa8 {[%clk 0:09:35]} e5 {[%clk 0:16:15]} Rh8+ {[%clk 0:07:28]} Kg6 {[%clk
0:16:40]} Qf3 {[%clk 0:07:46]} Nd6 {[%clk 0:15:22]} h4 {[%clk 0:06:12]} Qb7
{[%clk 0:14:08]} Qxb7 {[%clk 0:06:07]} Nxb7 {[%clk 0:14:33]} Rb8 {[%clk
0:06:26]} Rd7 {[%clk 0:14:59]} a4 {[%clk 0:06:21]} Kf5 {[%clk 0:13:28]} Ra8
{[%clk 0:06:26]} Rd6 {[%clk 0:13:43]} a5 {[%clk 0:06:50]} Nxa5 {[%clk 0:14:05]}
Rxa5 {[%clk 0:07:06]} Rxb6 {[%clk 0:14:30]} Ra4 {[%clk 0:05:24]} h5 {[%clk
0:14:47]} Kf3 {[%clk 0:05:03]} Rb3+ {[%clk 0:15:11]} Ke2 {[%clk 0:05:18]} Rb7
{[%clk 0:12:08]} Ke3 {[%clk 0:05:18]} Re7 {[%clk 0:11:58]} Rb4 {[%clk 0:05:25]}
e4 {[%clk 0:11:58]} Ra4 {[%clk 0:02:45]} Re5 {[%clk 0:11:56]} f3 {[%clk
0:02:08]} exf3+ {[%clk 0:11:46]} Kxf3 {[%clk 0:02:37]} Rb5 {[%clk 0:11:38]} Rf4+
{[%clk 0:02:45]} Ke6 {[%clk 0:11:54]} Re4+ {[%clk 0:03:07]} Kf7 {[%clk 0:11:33]}
Ra4 {[%clk 0:03:33]} Rf5+ {[%clk 0:11:42]} Ke3 {[%clk 0:03:49]} Kg6 {[%clk
0:11:11]} Ra7 {[%clk 0:03:32]} Kh6 {[%clk 0:11:35]} Ra6 {[%clk 0:03:55]} Kg6
{[%clk 0:11:12]} Ra7 {[%clk 0:04:20]} Rf1 {[%clk 0:11:38]} Ke2 {[%clk 0:04:45]}
Rb1 {[%clk 0:12:03]} Kf3 {[%clk 0:05:00]} Rb3+ {[%clk 0:12:21]} Kf4 {[%clk
0:05:20]} Rb4+ {[%clk 0:12:02]} Kf3 {[%clk 0:05:49]} Rg4 {[%clk 0:12:24]} Rb7
{[%clk 0:05:53]} f5 {[%clk 0:12:26]} Rb6+ {[%clk 0:03:20]} Kh7 {[%clk 0:12:51]}
Rb5 {[%clk 0:03:34]} g6 {[%clk 0:13:15]} Rb7+ {[%clk 0:04:00]} Kh6 {[%clk
0:13:39]} Rb6 {[%clk 0:04:27]} Kg7 {[%clk 0:11:01]} Rb7+ {[%clk 0:04:51]} Kf6
{[%clk 0:11:27]} Rb6+ {[%clk 0:05:19]} Ke5 {[%clk 0:11:40]} Rb5+ {[%clk
0:05:18]} Kd6 {[%clk 0:11:47]} Rb6+ {[%clk 0:05:45]} Kc5 {[%clk 0:12:12]} Ra6
{[%clk 0:06:08]} Kd5 {[%clk 0:10:09]}

[Variant "Standard"]
[Site "Europe Echecs"]

[Event "Open International Graz"]
[Date "2026.02.15"]
[White "Paikens, Reinis"]
[Black "Bettalli, Francesco"]
[WhiteElo "2246"]
[BlackElo "2384"]
[Round "3.3.15"]
[Result "1-0"]

c4 {[%clk 1:27:02]} c5 {[%clk 1:30:38]} g3 {[%clk 1:27:09]} g6 {[%clk 1:30:56]}
Bg2 {[%clk 1:27:32]} Bg7 {[%clk 1:31:19]} Nf3 {[%clk 1:27:54]} Nc6 {[%clk
1:31:33]} O-O {[%clk 1:27:37]} d6 {[%clk 1:31:45]} Nc3 {[%clk 1:27:45]} e5
{[%clk 1:31:59]} Ne1 {[%clk 1:28:01]} Be6 {[%clk 1:32:17]} d3 {[%clk 1:28:20]}
Nge7 {[%clk 1:32:37]} Nd5 {[%clk 1:28:41]} O-O {[%clk 1:31:32]} Nc2 {[%clk
1:28:24]} Rb8 {[%clk 1:23:08]} b3 {[%clk 1:27:18]} f5 {[%clk 1:18:34]} e3 {[%clk
1:23:37]} b5 {[%clk 1:13:19]} Bb2 {[%clk 1:18:50]} g5 {[%clk 1:02:10]} f4 {[%clk
1:13:51]} gxf4 {[%clk 0:57:14]} exf4 {[%clk 1:11:08]} Bxd5 {[%clk 0:52:08]} cxd5
{[%clk 1:11:26]} Nd4 {[%clk 0:52:32]} Rc1 {[%clk 1:00:53]} Qa5 {[%clk 0:46:21]}
fxe5 {[%clk 0:59:58]} dxe5 {[%clk 0:44:18]} Nxd4 {[%clk 0:50:45]} cxd4 {[%clk
0:44:35]} d6 {[%clk 0:49:40]} Ng6 {[%clk 0:42:21]} Rc7 {[%clk 0:47:23]} Rbd8
{[%clk 0:38:36]} Qc2 {[%clk 0:46:46]} Rxd6 {[%clk 0:21:50]} Qc5 {[%clk 0:47:02]}
Rff6 {[%clk 0:15:17]} Rxa7 {[%clk 0:43:47]} Qb6 {[%clk 0:15:32]} Ra8+ {[%clk
0:42:23]} Bf8 {[%clk 0:14:57]} Qc8 {[%clk 0:42:13]} Ne7 {[%clk 0:07:54]} Qe8
{[%clk 0:39:56]} Rde6 {[%clk 0:08:05]} Ba3 {[%clk 0:37:22]} Rf7 {[%clk 0:05:21]}
Qd7 {[%clk 0:34:56]} e4 {[%clk 0:01:50]} dxe4 {[%clk 0:28:16]} Ng6 {[%clk
0:02:19]} Qd5 {[%clk 0:23:05]} d3+ {[%clk 0:00:34]} Bc5 {[%clk 0:22:57]} Ne7
{[%clk 0:00:34]} Qd4 {[%clk 0:20:59]} Qc7 {[%clk 0:00:38]} exf5 {[%clk 0:20:01]}
Re2 {[%clk 0:00:39]} Bd5 {[%clk 0:17:18]} Nxd5 {[%clk 0:00:32]} Qxd5 {[%clk
0:17:41]} Kg7 {[%clk 0:00:41]} f6+ {[%clk 0:17:02]} Kh6 {[%clk 0:00:46]} Bxf8+
{[%clk 0:17:12]} Rxf8 {[%clk 0:01:12]} Rxf8 {[%clk 0:14:46]} Qa7+ {[%clk
0:01:31]} Kh1 {[%clk 0:15:12]} Qxa2 {[%clk 0:02:00]} h4 {[%clk 0:14:35]}

[Variant "Standard"]
[Site "Europe Echecs"]

[Event "Open International Graz"]
[Date "2026.02.15"]
[White "Dahl, Christoph"]
[Black "Kozlovic, Jernej"]
[WhiteElo "2378"]
[BlackElo "2268"]
[Round "3.3.16"]
[Result "1/2-1/2"]

e4 {[%clk 1:30:59]} e5 {[%clk 1:30:51]} Nf3 {[%clk 1:31:22]} Nc6 {[%clk
1:30:52]} Bb5 {[%clk 1:31:46]} a6 {[%clk 1:31:02]} Ba4 {[%clk 1:32:01]} Nge7
{[%clk 1:28:28]} c3 {[%clk 1:32:07]} Ng6 {[%clk 1:28:42]} d4 {[%clk 1:31:56]}
exd4 {[%clk 1:29:02]} cxd4 {[%clk 1:31:45]} Bb4+ {[%clk 1:28:26]} Bd2 {[%clk
1:30:49]} Bxd2+ {[%clk 1:27:50]} Qxd2 {[%clk 1:30:07]} b5 {[%clk 1:23:30]} Bb3
{[%clk 1:28:51]} a5 {[%clk 1:22:11]} O-O {[%clk 1:19:54]} O-O {[%clk 1:19:19]}
Nc3 {[%clk 1:14:55]} a4 {[%clk 1:14:20]} Bc2 {[%clk 1:13:23]} Ba6 {[%clk
1:14:01]} Nd5 {[%clk 1:02:59]} d6 {[%clk 1:09:57]} Bd3 {[%clk 1:00:03]} Nce7
{[%clk 1:01:55]} Nb4 {[%clk 0:57:10]} c6 {[%clk 0:56:04]} Nxa6 {[%clk 0:49:54]}
Rxa6 {[%clk 0:56:25]} Rac1 {[%clk 0:48:50]} Qb6 {[%clk 0:55:19]} h4 {[%clk
0:42:07]} Rd8 {[%clk 0:47:51]} h5 {[%clk 0:40:36]} Nf8 {[%clk 0:48:14]} Qg5
{[%clk 0:27:27]} Ra7 {[%clk 0:39:16]} h6 {[%clk 0:26:11]} Ne6 {[%clk 0:38:27]}
Qg3 {[%clk 0:22:44]} Ng6 {[%clk 0:37:52]} d5 {[%clk 0:16:22]} cxd5 {[%clk
0:34:24]} exd5 {[%clk 0:16:41]} Nef4 {[%clk 0:32:51]} Rc6 {[%clk 0:06:53]} Qa5
{[%clk 0:32:19]} Nh4 {[%clk 0:06:33]} Qd2 {[%clk 0:29:13]} Nxg6 {[%clk 0:05:27]}
hxg6 {[%clk 0:29:21]} Bxb5 {[%clk 0:05:24]} Rb7 {[%clk 0:26:00]} Qe3 {[%clk
0:01:38]} Qxd5 {[%clk 0:08:52]} Qxf4 {[%clk 0:02:03]} Qxb5 {[%clk 0:09:14]} h7+
{[%clk 0:00:45]} Kh8 {[%clk 0:09:43]} Rxd6 {[%clk 0:01:01]} Rxd6 {[%clk
0:10:03]} Qxd6 {[%clk 0:01:27]} Rd7 {[%clk 0:09:43]} Qa3 {[%clk 0:01:27]} Rd3
{[%clk 0:09:08]} Qf8+ {[%clk 0:01:53]} Kxh7 {[%clk 0:09:29]} Qxf7 {[%clk
0:02:19]} Qxb2 {[%clk 0:09:04]} Re1 {[%clk 0:02:03]} Qd4 {[%clk 0:08:33]} Qe6
{[%clk 0:01:48]} Rd1 {[%clk 0:04:30]} Qh3+ {[%clk 0:01:16]} Kg8 {[%clk 0:04:59]}
Qe6+ {[%clk 0:00:46]} Kh7 {[%clk 0:05:14]} Rxd1 {[%clk 0:14:20]} Qxd1+ {[%clk
0:19:47]} Kh2 {[%clk 0:14:46]} Qd4 {[%clk 0:15:52]} Kg3 {[%clk 0:12:38]} g5
{[%clk 0:16:12]} Qf5+ {[%clk 0:11:28]} Kh6 {[%clk 0:16:33]} Qh3+ {[%clk
0:11:53]} Kg6 {[%clk 0:16:54]} Qe6+ {[%clk 0:12:21]} Kh5 {[%clk 0:15:06]} Qf7+
{[%clk 0:12:45]} Kh6 {[%clk 0:15:26]} Qe6+ {[%clk 0:13:12]} Kh5 {[%clk 0:15:50]}
Qf7+ {[%clk 0:13:39]}

[Variant "Standard"]
[Site "Europe Echecs"]

[Event "Open International Graz"]
[Date "2026.02.15"]
[White "Martins, Bruno Andre Leite"]
[Black "Mohylnyi, Stepan"]
[WhiteElo "2376"]
[BlackElo "2231"]
[Round "3.3.17"]
[Result "1/2-1/2"]

e4 {[%clk 1:28:10]} c5 {[%clk 1:30:55]} Nf3 {[%clk 1:28:31]} e6 {[%clk 1:31:19]}
d4 {[%clk 1:28:43]} cxd4 {[%clk 1:31:44]} Nxd4 {[%clk 1:29:02]} a6 {[%clk
1:32:10]} c4 {[%clk 1:27:33]} Nf6 {[%clk 1:32:33]} Nc3 {[%clk 1:27:55]} Bb4
{[%clk 1:32:59]} Qd3 {[%clk 1:28:10]} d5 {[%clk 1:33:20]} exd5 {[%clk 1:27:28]}
exd5 {[%clk 1:33:39]} Be2 {[%clk 1:27:47]} O-O {[%clk 1:34:03]} O-O {[%clk
1:27:07]} Nc6 {[%clk 1:34:26]} cxd5 {[%clk 1:26:21]} Nxd5 {[%clk 1:31:39]} Nxc6
{[%clk 1:26:27]} bxc6 {[%clk 1:32:05]} Nxd5 {[%clk 1:26:26]} Qxd5 {[%clk
1:32:28]} Rd1 {[%clk 1:22:40]} Qxd3 {[%clk 1:28:08]} Bxd3 {[%clk 1:20:37]} Be6
{[%clk 1:26:56]} Bd2 {[%clk 0:50:44]} Bxd2 {[%clk 1:22:47]} Rxd2 {[%clk
0:51:11]} Rfd8 {[%clk 1:22:48]} Rad1 {[%clk 0:46:43]} Kf8 {[%clk 1:22:32]} a3
{[%clk 0:35:14]} Bb3 {[%clk 1:17:40]} Bc2 {[%clk 0:28:42]} Rxd2 {[%clk 1:15:25]}
Rxd2 {[%clk 0:29:09]} Bd5 {[%clk 1:08:38]} f3 {[%clk 0:28:16]} Ke7 {[%clk
1:08:37]} Kf2 {[%clk 0:27:45]} Kd6 {[%clk 1:08:06]} Ke3 {[%clk 0:24:57]} Re8+
{[%clk 1:06:39]} Kf4 {[%clk 0:23:32]} a5 {[%clk 1:04:38]} Bxh7 {[%clk 0:18:06]}
Rh8 {[%clk 1:03:25]} Be4 {[%clk 0:18:20]} Rxh2 {[%clk 1:02:57]} b4 {[%clk
0:18:27]} axb4 {[%clk 1:02:20]} axb4 {[%clk 0:18:55]} Rh5 {[%clk 1:01:36]} g4
{[%clk 0:12:21]} Re5 {[%clk 1:01:46]} g5 {[%clk 0:10:55]} f6 {[%clk 0:58:22]}
gxf6 {[%clk 0:09:15]} gxf6 {[%clk 0:58:44]} Rd1 {[%clk 0:08:00]}

[Variant "Standard"]
[Site "Europe Echecs"]

[Event "Open International Graz"]
[Date "2026.02.15"]
[White "Nakonechnyi, Oleksii"]
[Black "Klimkowski, Jan"]
[WhiteElo "2194"]
[BlackElo "2532"]
[Round "3.3.18"]
[Result "1/2-1/2"]

c4 {[%clk 1:30:57]} Nf6 {[%clk 1:30:54]} Nc3 {[%clk 1:31:20]} e5 {[%clk
1:31:06]} g3 {[%clk 1:31:35]} d5 {[%clk 1:28:27]} cxd5 {[%clk 1:31:37]} Nxd5
{[%clk 1:28:52]} Bg2 {[%clk 1:31:40]} Nb6 {[%clk 1:28:37]} a3 {[%clk 1:30:39]}
a5 {[%clk 1:25:10]} Rb1 {[%clk 1:29:38]} Nc6 {[%clk 1:21:35]} d3 {[%clk
1:25:55]} Bd6 {[%clk 1:20:23]} Nf3 {[%clk 1:22:42]} O-O {[%clk 1:20:32]} O-O
{[%clk 1:22:33]} Re8 {[%clk 1:18:20]} Be3 {[%clk 1:21:23]} Bf8 {[%clk 1:18:05]}
Bxb6 {[%clk 1:14:57]} cxb6 {[%clk 1:18:22]} Nd2 {[%clk 1:15:17]} Be6 {[%clk
1:13:54]} Nc4 {[%clk 1:13:37]} Rc8 {[%clk 1:10:18]} Ne3 {[%clk 1:10:34]} Re7
{[%clk 1:04:58]} Bd5 {[%clk 1:05:28]} Bh3 {[%clk 1:04:12]} Bg2 {[%clk 1:05:51]}
Be6 {[%clk 1:04:39]} Bd5 {[%clk 1:05:54]} Nd4 {[%clk 0:56:21]} Bxe6 {[%clk
1:02:57]} Rxe6 {[%clk 0:56:46]} Ned5 {[%clk 0:59:35]} Rh6 {[%clk 0:49:47]} e3
{[%clk 0:52:54]} Qd7 {[%clk 0:41:58]} f4 {[%clk 0:49:25]} exf4 {[%clk 0:38:30]}
Nxf4 {[%clk 0:44:36]} Ne6 {[%clk 0:35:56]} Qg4 {[%clk 0:41:45]} Rc5 {[%clk
0:26:05]} d4 {[%clk 0:27:46]} Rg5 {[%clk 0:25:39]} Qe2 {[%clk 0:28:01]} Nxf4
{[%clk 0:23:51]} Rxf4 {[%clk 0:28:15]} Bd6 {[%clk 0:22:02]} Rf3 {[%clk 0:27:28]}
Rgh5 {[%clk 0:20:01]} Rbf1 {[%clk 0:26:54]} Rxh2 {[%clk 0:16:46]} Qxh2 {[%clk
0:27:22]} Rxh2 {[%clk 0:17:10]} Kxh2 {[%clk 0:27:47]} Qg4 {[%clk 0:14:12]} e4
{[%clk 0:27:19]} f6 {[%clk 0:14:38]} e5 {[%clk 0:26:04]} fxe5 {[%clk 0:14:26]}
dxe5 {[%clk 0:26:29]} Qh5+ {[%clk 0:14:21]} Kg2 {[%clk 0:26:56]} Qxe5 {[%clk
0:14:48]} R1f2 {[%clk 0:26:29]} h6 {[%clk 0:13:21]} Re2 {[%clk 0:26:34]} Qc5
{[%clk 0:09:41]} Re8+ {[%clk 0:25:29]} Kh7 {[%clk 0:10:07]} Ne4 {[%clk 0:22:41]}
Qd4 {[%clk 0:08:01]} Nxd6 {[%clk 0:22:33]} Qxd6 {[%clk 0:08:30]} Re2 {[%clk
0:22:25]} b5 {[%clk 0:08:33]} Rf4 {[%clk 0:21:23]} Qd5+ {[%clk 0:08:05]} Rfe4
{[%clk 0:20:57]} h5 {[%clk 0:06:57]} Kh2 {[%clk 0:20:49]} Kh6 {[%clk 0:06:59]}
Re6+ {[%clk 0:20:43]} g6 {[%clk 0:07:19]} R6e5 {[%clk 0:20:53]} Qb3 {[%clk
0:06:22]} R5e3 {[%clk 0:21:10]} Qd1 {[%clk 0:06:38]} Re1 {[%clk 0:21:05]} Qd6
{[%clk 0:04:46]} Re6 {[%clk 0:21:14]} Qc5 {[%clk 0:04:29]} R1e2 {[%clk 0:20:27]}
b6 {[%clk 0:13:56]} R6e5 {[%clk 0:35:13]} Qc4 {[%clk 0:14:18]} R5e4 {[%clk
0:34:44]} Qb3 {[%clk 0:13:56]} R4e3 {[%clk 0:34:22]} Qd1 {[%clk 0:14:21]} Re5
{[%clk 0:33:11]} Qd3 {[%clk 0:14:22]} R5e3 {[%clk 0:33:19]} Qf5 {[%clk 0:13:42]}
Re5 {[%clk 0:33:20]} Qf1 {[%clk 0:14:08]} Re8 {[%clk 0:32:52]} Qd1 {[%clk
0:07:43]} R8e5 {[%clk 0:32:28]} b4 {[%clk 0:04:25]} axb4 {[%clk 0:32:41]} a4
{[%clk 0:04:52]} Re6 {[%clk 0:31:09]} Qd4 {[%clk 0:05:00]} R6e4 {[%clk 0:31:04]}
Qd3 {[%clk 0:05:23]} R4e3 {[%clk 0:30:55]} Qc4 {[%clk 0:05:39]} Re4 {[%clk
0:31:06]} Qb3 {[%clk 0:06:05]} Rd4 {[%clk 0:30:39]} Qa2 {[%clk 0:05:35]} Rde4
{[%clk 0:30:06]} Qb3 {[%clk 0:05:18]} Rd4 {[%clk 0:30:16]} Qa2 {[%clk 0:05:29]}

[Variant "Standard"]
[Site "Europe Echecs"]

[Event "Open International Graz"]
[Date "2026.02.15"]
[White "Raja Rithvik R"]
[Black "Oberhofer, Cedric"]
[WhiteElo "2535"]
[BlackElo "2311"]
[Round "3.3.19"]
[Result "1/2-1/2"]

c4 {[%clk 1:30:30]} Nf6 {[%clk 1:30:46]} Nf3 {[%clk 1:29:17]} g6 {[%clk
1:30:13]} Nc3 {[%clk 1:29:37]} c5 {[%clk 1:28:27]} e4 {[%clk 1:29:48]} Nc6
{[%clk 1:28:43]} d4 {[%clk 1:30:11]} cxd4 {[%clk 1:29:09]} Nxd4 {[%clk 1:30:37]}
Nxd4 {[%clk 1:29:27]} Qxd4 {[%clk 1:31:01]} d6 {[%clk 1:29:54]} Be3 {[%clk
1:30:24]} Bg7 {[%clk 1:30:19]} f3 {[%clk 1:30:31]} O-O {[%clk 1:30:21]} Qd2
{[%clk 1:30:45]} Be6 {[%clk 1:28:48]} Rc1 {[%clk 1:30:35]} Qa5 {[%clk 1:23:24]}
Be2 {[%clk 1:26:03]} Rfc8 {[%clk 1:18:40]} b3 {[%clk 1:24:15]} a6 {[%clk
1:17:35]} Na4 {[%clk 1:17:20]} Qxd2+ {[%clk 1:16:44]} Kxd2 {[%clk 1:17:45]} Nd7
{[%clk 1:16:13]} g4 {[%clk 1:17:58]} f5 {[%clk 1:12:03]} exf5 {[%clk 1:08:22]}
gxf5 {[%clk 1:12:26]} g5 {[%clk 1:08:25]} d5 {[%clk 0:59:36]} Rhd1 {[%clk
0:53:48]} dxc4 {[%clk 0:45:01]} Bxc4 {[%clk 0:53:41]} Bxc4 {[%clk 0:41:01]} bxc4
{[%clk 0:54:00]} Rc7 {[%clk 0:41:18]} Ke2 {[%clk 0:51:46]} Rac8 {[%clk 0:37:12]}
c5 {[%clk 0:51:44]} Bf8 {[%clk 0:35:13]} h4 {[%clk 0:42:47]} e6 {[%clk 0:30:50]}
Rb1 {[%clk 0:39:40]} Nxc5 {[%clk 0:19:33]} Nxc5 {[%clk 0:38:36]} Bxc5 {[%clk
0:19:59]} Bxc5 {[%clk 0:38:50]} Rxc5 {[%clk 0:20:27]} Rxb7 {[%clk 0:39:14]} Rc2+
{[%clk 0:20:41]} Rd2 {[%clk 0:37:03]} Rxd2+ {[%clk 0:19:41]} Kxd2 {[%clk
0:37:30]} Rc4 {[%clk 0:19:46]} h5 {[%clk 0:36:33]} h6 {[%clk 0:20:10]} gxh6
{[%clk 0:34:51]} Ra4 {[%clk 0:18:03]} Re7 {[%clk 0:29:36]} Rxa2+ {[%clk
0:15:09]} Ke3 {[%clk 0:30:01]} Rh2 {[%clk 0:14:54]} Rxe6 {[%clk 0:28:51]} a5
{[%clk 0:14:15]} Kf4 {[%clk 0:28:08]} Rxh5 {[%clk 0:14:29]} Ra6 {[%clk 0:28:22]}
a4 {[%clk 0:13:45]} Ke5 {[%clk 0:28:20]} a3 {[%clk 0:14:00]} f4 {[%clk 0:28:08]}
a2 {[%clk 0:14:01]} Ra8+ {[%clk 0:27:58]} Kh7 {[%clk 0:13:52]} Rxa2 {[%clk
0:28:17]} Rxh6 {[%clk 0:13:40]} Ra7+ {[%clk 0:27:49]} Kg8 {[%clk 0:14:04]} Kxf5
{[%clk 0:28:16]} Rb6 {[%clk 0:14:25]} Kg5 {[%clk 0:28:42]} Kf8 {[%clk 0:14:49]}
f5 {[%clk 0:29:07]} Rc6 {[%clk 0:15:08]} f6 {[%clk 0:29:32]} Rc1 {[%clk
0:15:34]} Ra8+ {[%clk 0:29:58]} Kf7 {[%clk 0:16:01]}

[Variant "Standard"]
[Site "Europe Echecs"]

[Event "Open International Graz"]
[Date "2026.02.15"]
[White "Lalit Babu M R"]
[Black "Hovakimyan, Vache"]
[WhiteElo "2511"]
[BlackElo "2287"]
[Round "3.3.20"]
[Result "1-0"]

d4 {[%clk 1:27:08]} Nf6 {[%clk 1:30:53]} Nf3 {[%clk 1:27:26]} d5 {[%clk
1:31:16]} Bg5 {[%clk 1:27:51]} c5 {[%clk 1:27:23]} Bxf6 {[%clk 1:24:20]} gxf6
{[%clk 1:26:56]} dxc5 {[%clk 1:24:06]} e6 {[%clk 1:26:21]} e3 {[%clk 1:23:48]}
Bxc5 {[%clk 1:26:24]} c4 {[%clk 1:21:01]} dxc4 {[%clk 1:21:39]} Nbd2 {[%clk
1:19:58]} c3 {[%clk 0:56:33]} bxc3 {[%clk 1:20:04]} Nd7 {[%clk 0:56:57]} Be2
{[%clk 1:17:34]} O-O {[%clk 0:52:20]} O-O {[%clk 1:17:45]} Be7 {[%clk 0:47:52]}
Nd4 {[%clk 1:15:07]} Nc5 {[%clk 0:43:13]} N2b3 {[%clk 1:12:22]} Kh8 {[%clk
0:37:01]} Nxc5 {[%clk 1:10:57]} Bxc5 {[%clk 0:37:23]} Bd3 {[%clk 1:11:23]} f5
{[%clk 0:36:10]} Rb1 {[%clk 1:10:11]} Qd5 {[%clk 0:31:58]} Be2 {[%clk 0:51:02]}
Rb8 {[%clk 0:19:35]} Nb3 {[%clk 0:48:58]} Qe5 {[%clk 0:14:28]} Nxc5 {[%clk
0:48:52]} Qxc5 {[%clk 0:14:50]} Rb5 {[%clk 0:49:01]} Qc7 {[%clk 0:12:21]} Qd4+
{[%clk 0:46:33]} f6 {[%clk 0:12:34]} Rc5 {[%clk 0:34:55]} Qe7 {[%clk 0:11:30]}
Qc4 {[%clk 0:33:26]} b5 {[%clk 0:08:45]} Rc7 {[%clk 0:31:32]} Qd6 {[%clk
0:08:49]} Qb4 {[%clk 0:29:17]} Qxb4 {[%clk 0:05:59]} cxb4 {[%clk 0:29:41]} Bb7
{[%clk 0:06:22]} Rd1 {[%clk 0:28:54]} Bd5 {[%clk 0:02:24]} Bf3 {[%clk 0:28:58]}
Bxf3 {[%clk 0:01:32]} Rdd7 {[%clk 0:28:51]} Rb7 {[%clk 0:00:42]} Rxh7+ {[%clk
0:28:21]} Kg8 {[%clk 0:01:06]} Rhg7+ {[%clk 0:28:45]} Kh8 {[%clk 0:01:29]} Rxb7
{[%clk 0:29:01]} Bxb7 {[%clk 0:01:51]} Rxb7 {[%clk 0:29:29]} Rc8 {[%clk
0:01:01]} g3 {[%clk 0:29:51]} Rc1+ {[%clk 0:00:39]} Kg2 {[%clk 0:30:19]} Rb1
{[%clk 0:00:35]} Rxb5 {[%clk 0:30:37]} Kg7 {[%clk 0:00:57]} a3 {[%clk 0:30:58]}

[Variant "Standard"]
[Site "Europe Echecs"]

[Event "Open International Graz"]
[Date "2026.02.16"]
[White "Waldhausen Gordon, Frederick"]
[Black "Chasin, Nico"]
[WhiteElo "2410"]
[BlackElo "2523"]
[Round "4.4.1"]
[Result "1/2-1/2"]

e4 {[%clk 1:30:54]} c5 {[%clk 1:30:25]} Nf3 {[%clk 1:31:18]} d6 {[%clk 1:30:51]}
d4 {[%clk 1:31:41]} cxd4 {[%clk 1:31:17]} Nxd4 {[%clk 1:32:07]} Nf6 {[%clk
1:31:43]} Nc3 {[%clk 1:32:32]} a6 {[%clk 1:32:11]} Rg1 {[%clk 1:32:53]} b5
{[%clk 1:30:51]} a4 {[%clk 1:32:57]} b4 {[%clk 1:31:06]} Nd5 {[%clk 1:33:17]}
Nxd5 {[%clk 1:31:34]} exd5 {[%clk 1:33:40]} g6 {[%clk 1:32:02]} Be3 {[%clk
1:30:51]} Bg7 {[%clk 1:32:08]} Qd2 {[%clk 1:31:12]} Bb7 {[%clk 1:30:17]} Bh6
{[%clk 1:22:56]} Bxh6 {[%clk 1:18:10]} Qxh6 {[%clk 1:23:20]} Bxd5 {[%clk
1:19:04]} O-O-O {[%clk 1:20:27]} e6 {[%clk 1:10:45]} f4 {[%clk 1:13:56]} Nd7
{[%clk 1:02:03]} f5 {[%clk 1:10:41]} Qa5 {[%clk 0:52:10]} Qg7 {[%clk 1:01:10]}
Rf8 {[%clk 0:48:40]} fxe6 {[%clk 0:58:38]} fxe6 {[%clk 0:48:53]} Qxh7 {[%clk
0:58:12]} Qxa4 {[%clk 0:45:13]} Qxg6+ {[%clk 0:56:33]} Ke7 {[%clk 0:43:45]} Qh7+
{[%clk 0:41:44]} Kd8 {[%clk 0:40:35]} Qh4+ {[%clk 0:42:08]} Nf6 {[%clk 0:33:20]}
Kd2 {[%clk 0:30:03]} Qa2 {[%clk 0:27:31]} b3 {[%clk 0:29:53]} Qb2 {[%clk
0:25:04]} Bd3 {[%clk 0:29:25]} Qc3+ {[%clk 0:20:59]} Kc1 {[%clk 0:29:45]} Qa1+
{[%clk 0:21:27]} Kd2 {[%clk 0:30:08]} Qc3+ {[%clk 0:21:55]} Kc1 {[%clk 0:30:26]}
Qa1+ {[%clk 0:22:21]} Kd2 {[%clk 0:30:51]} Qc3+ {[%clk 0:21:37]}

[Variant "Standard"]
[Site "Europe Echecs"]